LEADER 01177nam a2200301 a 4500 001 000000167660 003 CaOOAMICUS 005 20180514163404.0 008 180514s1957 it u000 u ita r 032 $aLibriCat 040 $aPUL$bita 041 1 $aita$hfre 130 0 $aBiblia.$pN.T.$pActus apostolorum.$0(OLS)http://pul/title/99554 240 10$aActes des apôtres.$lItaliano.$0(OLS)http://pul/title/158528 245 10$aAtti degli Apostoli /$ccommento di Adriano Boudou, S.J. 260 $aRoma :$bStudium,$c1957. 300 $aXLIX, 597 p. ; $c19 cm. 490 1 $aVerbum salutis 504 $aBibliografia in nota. 630 04$aBiblia.$pN.T.$pActus apostolorum.$0(OLS)http://pul/subject/8256 700 1 $aBoudou, Adrien,$cS.I.,$d1876-1945.$0(OLS)http://pul/name/7031 830 0$aVerbum salutis.$0(OLS)http://pul/title/3674 850 $aPUL 852 $aPUL$W1$xDP1 Fondo Dalla Palma$y117$m3 D 88$j166312$qFondi$B195304$CPULBib$Z2$F195304 $HDal1665 $81 941 1 $a1 996 $6245$aAtti degli Apostoli$9(OLS)http://pul/title/32648 996 $6260$aRoma :$bStudium$9(OLS)http://pul/publisher/47892 LEADER 01422nam a2200337 a 4500 001 000000176162 003 CaOOAMICUS 005 20230920094327.0 008 230920s2022 it u000 u ita r 020 $a978-88-921-2347-2* 032 $aLibriCat 040 $aPUL$bita 082 04$a340.11 100 1 $aTuzet, Giovanni,$d1972-$0(OLS)http://pul/name/66423 245 10$aFilosofia della prova giuridica /$cGiovanni Tuzet. 250 $a3. ed. 260 $aTorino :$bGiappichelli,$c©2022. 300 $aXIV, 315 p. ;$c23 cm 490 1 $aRecta Ratio : testi e studi di filosofia del diritto. Settima serie ;$v140 650 4$aProva (diritto).$0(OLS)http://pul/subject/18725 650 4$aFilosofia del diritto.$0(OLS)http://pul/subject/620 830 0$aRecta Ratio : testi e studi di filosofia del diritto.$nSettima serie ;$v140.$0(OLS)http://pul/title/213096 850 $aPUL 852 $aPUL$W1$xSL Diritto e Scienze Sociali 3$y79$m340. 01 COLL 1.140$j200324$qDDC 21$B205106$CPULBib$Z2$F205106 $H136523 $82 941 1 $a9 960 $aDiritto$xFilosofia$9620 996 $6020$a978-88-921-2347-2*$9(OLS)http://pul/number/169349 996 $6082$a340.11$9(OLS)http://pul/classification/1908 996 $6245$aFilosofia della prova giuridica$9(OLS)http://pul/title/172565 996 $6260$aTorino :$bGiappichelli$9(OLS)http://pul/publisher/48244